Material gains (Record no. 75867)
[ view plain ]
| 000 -LEADER | |
|---|---|
| fixed length control field | 00912cab a2200181 4500 |
| 001 - CONTROL NUMBER | |
| control field | L130890 |
| 008 - FIXED-LENGTH DATA ELEMENTS--GENERAL INFORMATION | |
| fixed length control field | 050912n2005 000 0 eng u |
| 035 ## - SYSTEM CONTROL NUMBER | |
| System control number | (Sirsi) u130890 |
| 041 0# - LANGUAGE CODE | |
| Language code of text/sound track or separate title | eng |
| 100 1# - MAIN ENTRY--PERSONAL NAME | |
| Personal name | Jansen, Mark |
| 245 00 - TITLE STATEMENT | |
| Title | Material gains |
| 260 ## - PUBLICATION, DISTRIBUTION, ETC. | |
| Date of publication, distribution, etc. | 2005 |
| 490 #0 - SERIES STATEMENT | |
| Series statement | Property Week |
| Volume/sequential designation | 70(35) 2 September 2005, 72-74(3) |
| 520 ## - SUMMARY, ETC. | |
| Summary, etc. | Reports on an RICS professional qualification that will allow building surveyors to inspect properties for asbestos. The National Individual Asbestos Certification Scheme (NIACS) will cover surveyors for mistakes such as missing asbestos that subsequently causes injury or the loss of value to a building arising from the discovery of asbestos they had missed. The HSE estimates that up to half a million commercial properties still contain asbestos. |
| 590 ## - LOCAL NOTE (RLIN) | |
| Local note | IKA130905 |
| 690 ## - LOCAL SUBJECT ADDED ENTRY--TOPICAL TERM (OCLC, RLIN) | |
| Topical term or geographic name as entry element | MANAGEMENT-HEALTH AND SAFETY-HAZARDOUS SUBSTANCES-ASBESTOS |
| 942 ## - ADDED ENTRY ELEMENTS (KOHA) | |
| Suppress in OPAC | 0 |
| Withdrawn status | Lost status | Source of classification or shelving scheme | Damaged status | Not for loan | Home library | Current library | Shelving location | Date acquired | Total Checkouts | Full call number | Barcode | Date last seen | Copy number | Price effective from | Koha item type |
|---|---|---|---|---|---|---|---|---|---|---|---|---|---|---|---|
| Dewey Decimal Classification | London | London | Journal article | 12/09/2005 | L130890 | 130890-1001 | 06/08/2019 | 1 | 06/08/2019 | Journal article |